000 00347pab a2200145 454500
008 180718b2003 xxu||||| |||| 00| 0 eng d
100 _aPatel, A.R.
245 _aAgro-export zones: the engine to boost farm exports
260 _c2003
300 _ap.31-34.
362 _aNov
650 _aAgriculture
773 _aKurukshetra
909 _a58620
999 _c58620
_d58620